| 000 | 00521nam a2200181Ia 4500 | ||
|---|---|---|---|
| 008 | 240925s9999 xx 000 0 und d | ||
| 020 | _a9781138679030 | ||
| 082 | _a001.42 BAA | ||
| 100 | _aBaarda, Ben | ||
| 245 | 0 | _aResearch This is it: guide to quantitative and qualitative research | |
| 250 | _a1st | ||
| 260 |
_aNew York: _bRoutledge Taylor & Francis Group _c,2010. |
||
| 300 |
_a492p. _b0 _fOriginal |
||
| 500 | _aIncludes Index | ||
| 600 | _aHumanities & Natural Science | ||
| 650 | _aGeneralia | ||
| 942 | _cBK | ||
| 999 |
_c16947 _d16947 |
||